Città della Sicilia - Morte improvvisa - Statistics

Statistiche generali
  • Questo quiz è stato fatto 474 volte
  • Il punteggio medio è 18 su 20
Answers on the Grid
Answers color-coded by a green-red scale on the quiz's grid according to % correct below.
Palermo
Catania
Messina
Ragusa
Siracusa
Taormina
Lipari
Stromboli
Enna
Caltanissetta
Marsala
Gela
Vittoria
Acireale
Agrigento
Trapani
Mazara del Vallo
Cosenza
Ramacca
Milazzo
Bagheria
Milano
Roma
Ravenna
Trieste
Udine
Matera
Lecce
Napoli
Benevento
Parma
Padova
Catanzaro
Bergamo
Bolzano
Nuoro
Cagliari
Capri
Pisa
Ancona
 
Statistiche sulle risposte
Risposta % Corretto
Messina
95%
Siracusa
95%
Agrigento
94%
Catania
94%
Enna
94%
Palermo
94%
Ragusa
94%
Trapani
94%
Caltanissetta
93%
Taormina
93%
Acireale
92%
Gela
92%
Lipari
92%
Marsala
92%
Mazara del Vallo
92%
Milazzo
91%
Bagheria
90%
Stromboli
89%
Ramacca
88%
Vittoria
88%
Nessun quiz corrispondente trovato
Distribuzione punteggi
Percentuale di utenti per punteggio
Percentile per numero di risposta
I tuoi punteggi nel tempo
Non hai fatto questo quiz